000 00761nam a2200217Ia 4500
001 1527
003 GE_BSU
008 181216s||||||||xx |||||||||||||| ||und||
040 _cGE_BSU
080 _a27-23
245 _aბიბლიური ისტორია. ლეგენდები ქრისტეზე
245 _cრედ. გურამ გვერდწითელი, ცირა ინწკირველი, ნუნუ ხომერიკი
260 _aთბილისი
260 _bმერანი
260 _c1989
300 _a334გვ.
541 _h7ლ.
653 _aბიბლიური ისტორია
653 _aლეგენდები ქრისტეზე
942 _cBK
999 _c35654
_d35654